Realitné fondy na Slovensku a ich vývoj bakalárska práca

Salvato in:
Dettagli Bibliografici
Autore principale: Hájovská, Michaela
Ente Autore: Národohospodárska fakulta EU. Katedra bankovníctva a medzinárodných financií
Altri autori: Střelecká, Zdenka
Natura: Libro
Lingua:slovacco
Pubblicazione: Bratislava 2009
Tags: Aggiungi Tag
Nessun Tag, puoi essere il primo ad aggiungerne!!

MARC

LEADER 00000nam$a2200000$$$4500
001 0100154
005 20240319123347.9
041 0 |a slo 
044 |a SK 
245 1 0 |a Realitné fondy na Slovensku a ich vývoj  |b bakalárska práca  |c Michaela Hájovská ; škol. Zdenka Střelecká 
264 1 |a Bratislava  |c 2009 
300 |a 34 s. 
100 1 |a Hájovská, Michaela 
700 1 |a Střelecká, Zdenka 
710 2 |a Národohospodárska fakulta EU. Katedra bankovníctva a medzinárodných financií